000 00445nam a2200193Ia 4500
005 20250425160750.0
008 250425s9999 xx 000 0 und d
041 _aeng
082 _a516
100 _aWEEKS, ARTHUR W
245 0 _aA COURSE IN GEOMETRY
250 _aS.E.
260 _aEstados Unidos
_bGINN AND COMPANY
_c1961
260 _aNEW YORK
300 _a450
700 _aANDKINS, JACKSON B.
942 _c01
010 _a4755
999 _c195710
_d195710